<?xml version="1.0" encoding="UTF-8"?>
<record
    xmlns:xsi="http://www.w3.org/2001/XMLSchema-instance"
    xsi:schemaLocation="http://www.loc.gov/MARC21/slim http://www.loc.gov/standards/marcxml/schema/MARC21slim.xsd"
    xmlns="http://www.loc.gov/MARC21/slim">

  <leader>00684nam a22001337a 4500</leader>
  <datafield tag="040" ind1=" " ind2=" ">
    <subfield code="c">RUA</subfield>
  </datafield>
  <datafield tag="082" ind1=" " ind2=" ">
    <subfield code="a">AVM MAO 2018 B658 Or.</subfield>
  </datafield>
  <datafield tag="100" ind1=" " ind2=" ">
    <subfield code="a">MAO CHANTHREA  &#x1798;&#x17C9;&#x17C5; &#x1785;&#x17B6;&#x1793;&#x17CB;&#x1791;&#x17D2;&#x179A;&#x17B6;</subfield>
  </datafield>
  <datafield tag="245" ind1=" " ind2=" ">
    <subfield code="a">gastro-intestinal parasite in cattle at yuthsamky commune, odong district, kompong speu province  &#x1794;&#x179A;&#x17B6;&#x179F;&#x17B7;&#x178F;&#x1780;&#x17D2;&#x1793;&#x17BB;&#x1784;&#x1780;&#x17D2;&#x179A;&#x1796;&#x17C7;&#x1796;&#x17C4;&#x17C7;&#x179C;&#x17C0;&#x1793;&#x1782;&#x17C4;&#x200B; &#x1793;&#x17C5;&#x1783;&#x17BB;&#x17C6;&#x1799;&#x17BB;&#x1791;&#x17D2;&#x178B;&#x179F;&#x17B6;&#x1798;&#x1782;&#x17D2;&#x1782;&#x17B8; &#x179F;&#x17D2;&#x179A;&#x17BB;&#x1780;&#x17A7;&#x178A;&#x17BB;&#x1784;&#x17D2;&#x1782; &#x1781;&#x17C1;&#x178F;&#x17D2;&#x178F;&#x1780;&#x17C6;&#x1796;&#x1784;&#x17CB;&#x179F;&#x17D2;&#x1796;&#x17BA;</subfield>
  </datafield>
  <datafield tag="260" ind1=" " ind2=" ">
    <subfield code="a">RUA</subfield>
    <subfield code="b">PHNOM PENH</subfield>
  </datafield>
  <datafield tag="300" ind1=" " ind2=" ">
    <subfield code="a">ix;41p</subfield>
    <subfield code="b">ill;</subfield>
    <subfield code="c">29cm</subfield>
  </datafield>
  <datafield tag="856" ind1=" " ind2=" ">
    <subfield code="u">https://drive.google.com/file/d/18A6uMUHVLHAnA6svlGmVZ7kvjsRgPlQ0/view?usp=sharing</subfield>
  </datafield>
  <datafield tag="942" ind1=" " ind2=" ">
    <subfield code="c">AVM</subfield>
  </datafield>
  <datafield tag="999" ind1=" " ind2=" ">
    <subfield code="c">18901</subfield>
    <subfield code="d">18901</subfield>
  </datafield>
  <datafield tag="952" ind1=" " ind2=" ">
    <subfield code="0">0</subfield>
    <subfield code="1">0</subfield>
    <subfield code="2">ddc</subfield>
    <subfield code="4">0</subfield>
    <subfield code="6">AVM_MAO_2018_000000000000000_B658_OR</subfield>
    <subfield code="7">0</subfield>
    <subfield code="9">83579</subfield>
    <subfield code="a">LBB</subfield>
    <subfield code="b">LBB</subfield>
    <subfield code="c">B658</subfield>
    <subfield code="d">2020-02-07</subfield>
    <subfield code="l">9</subfield>
    <subfield code="o">AVM MAO 2018 B658 Or.</subfield>
    <subfield code="p">A43191</subfield>
    <subfield code="r">2025-02-07</subfield>
    <subfield code="s">2025-02-06</subfield>
    <subfield code="w">2020-02-07</subfield>
    <subfield code="y">AVM</subfield>
  </datafield>
  <datafield tag="952" ind1=" " ind2=" ">
    <subfield code="0">0</subfield>
    <subfield code="1">0</subfield>
    <subfield code="2">ddc</subfield>
    <subfield code="4">0</subfield>
    <subfield code="6">AVM_MAO_2018_000000000000000_B658_OR</subfield>
    <subfield code="7">0</subfield>
    <subfield code="9">83580</subfield>
    <subfield code="a">LBB</subfield>
    <subfield code="b">LBB</subfield>
    <subfield code="c">B658</subfield>
    <subfield code="d">2020-02-07</subfield>
    <subfield code="l">3</subfield>
    <subfield code="o">AVM MAO 2018 B658 Or.</subfield>
    <subfield code="p">A43116</subfield>
    <subfield code="r">2025-06-16</subfield>
    <subfield code="s">2025-06-03</subfield>
    <subfield code="w">2020-02-07</subfield>
    <subfield code="y">AVM</subfield>
  </datafield>
  <datafield tag="952" ind1=" " ind2=" ">
    <subfield code="0">0</subfield>
    <subfield code="1">0</subfield>
    <subfield code="2">ddc</subfield>
    <subfield code="4">0</subfield>
    <subfield code="6">AVM_MAO_2018_000000000000000_B658_OR</subfield>
    <subfield code="7">0</subfield>
    <subfield code="9">83581</subfield>
    <subfield code="a">LBB</subfield>
    <subfield code="b">LBB</subfield>
    <subfield code="c">B658</subfield>
    <subfield code="d">2020-02-07</subfield>
    <subfield code="l">2</subfield>
    <subfield code="o">AVM MAO 2018 B658 Or.</subfield>
    <subfield code="p">A43214</subfield>
    <subfield code="r">2025-06-11</subfield>
    <subfield code="s">2025-05-30</subfield>
    <subfield code="w">2020-02-07</subfield>
    <subfield code="y">AVM</subfield>
  </datafield>
  <datafield tag="952" ind1=" " ind2=" ">
    <subfield code="0">0</subfield>
    <subfield code="1">0</subfield>
    <subfield code="2">ddc</subfield>
    <subfield code="4">0</subfield>
    <subfield code="6">AVM_MAO_2018_000000000000000_B658_OR</subfield>
    <subfield code="7">0</subfield>
    <subfield code="9">83583</subfield>
    <subfield code="a">LBB</subfield>
    <subfield code="b">LBB</subfield>
    <subfield code="c">B658</subfield>
    <subfield code="d">2020-02-07</subfield>
    <subfield code="o">AVM MAO 2018 B658 Or.</subfield>
    <subfield code="p">A43566</subfield>
    <subfield code="r">2020-02-07</subfield>
    <subfield code="w">2020-02-07</subfield>
    <subfield code="y">AVM</subfield>
  </datafield>
  <datafield tag="952" ind1=" " ind2=" ">
    <subfield code="0">0</subfield>
    <subfield code="1">0</subfield>
    <subfield code="2">ddc</subfield>
    <subfield code="4">0</subfield>
    <subfield code="6">AVM_MAO_2018_000000000000000_B658_OR</subfield>
    <subfield code="7">0</subfield>
    <subfield code="9">83584</subfield>
    <subfield code="a">LBB</subfield>
    <subfield code="b">LBB</subfield>
    <subfield code="c">B658</subfield>
    <subfield code="d">2020-02-07</subfield>
    <subfield code="l">2</subfield>
    <subfield code="o">AVM MAO 2018 B658 Or.</subfield>
    <subfield code="p">A42699</subfield>
    <subfield code="r">2026-01-14</subfield>
    <subfield code="s">2026-01-05</subfield>
    <subfield code="w">2020-02-07</subfield>
    <subfield code="y">AVM</subfield>
  </datafield>
  <datafield tag="952" ind1=" " ind2=" ">
    <subfield code="0">0</subfield>
    <subfield code="1">0</subfield>
    <subfield code="4">0</subfield>
    <subfield code="6">AVM_MAO_2018_000000000000000_B658_OR_4</subfield>
    <subfield code="7">0</subfield>
    <subfield code="9">101190</subfield>
    <subfield code="a">LBB</subfield>
    <subfield code="b">LBB</subfield>
    <subfield code="d">2024-09-04</subfield>
    <subfield code="l">6</subfield>
    <subfield code="m">1</subfield>
    <subfield code="o">AVM MAO 2018 B658 Or.4</subfield>
    <subfield code="p">A43301</subfield>
    <subfield code="r">2026-03-04</subfield>
    <subfield code="s">2026-02-24</subfield>
    <subfield code="y">AVM</subfield>
  </datafield>
</record>
